书目信息 |
| 题名: |
一看就懂的大隋史
|
|
| 作者: | 魏婷 著 | |
| 分册: | ||
| 出版信息: | 北京 中国法制出版社 2016 |
|
| 页数: | 243页 | |
| 开本: | 24cm | |
| 丛书名: | 一看就懂的中国史系列 | |
| 单 册: | ||
| 中图分类: | K241.09 | |
| 科图分类: | ||
| 主题词: | 隋代--sui dai--历史--通俗读物 | |
| 电子资源: | ||
| ISBN: | 978-7-5093-7604-1 | |
| 000 | 01041nam0 22002771 450 | |
| 001 | 0127144110 | |
| 005 | 20170427144110.0 | |
| 010 | @a978-7-5093-7604-1@dCNY36.00 | |
| 100 | @a20160929d2016 em y0chiy50 ea | |
| 101 | 0 | @achi |
| 102 | @aCN@b110000 | |
| 105 | @aa z 000yy | |
| 106 | @ar | |
| 200 | 1 | @a一看就懂的大隋史@Ayi kan jiu dong de da sui shi@dVery short history of Sui Dynasty@f魏婷著@zeng |
| 210 | @a北京@c中国法制出版社@d2016 | |
| 215 | @a243页@c图@d24cm | |
| 225 | 2 | @a一看就懂的中国史系列@Ayi kan jiu dong de zhong guo shi xi lie |
| 312 | @a封面英文题名:A very short history of Sui Dynasty | |
| 330 | @a本书主要叙述了隋朝两代皇帝的功过得失,优点不能抹杀其曾经犯过的错误,过失亦不能掩盖辉煌,本书将呈现的,是一个立体、多元、真实的隋朝君臣。 | |
| 461 | 0 | @12001 @a一看就懂的中国史系列 |
| 510 | 1 | @aVery short history of Sui Dynasty@zeng |
| 606 | 0 | @a隋代@Asui dai@x历史@j通俗读物 |
| 690 | @aK241.09@v5 | |
| 701 | 0 | @a魏婷@Awei ting@4著 |
| 801 | 0 | @aCN@bTANGWEI@c20170308 |
| 905 | @b0966753-5@dK241.09@e13@f3 | |
| 一看就懂的大隋史=Very short history of Sui Dynasty/魏婷著.-北京:中国法制出版社,2016 |
| 243页:图;24cm.-(一看就懂的中国史系列) |
| ISBN 978-7-5093-7604-1:CNY36.00 |
| 本书主要叙述了隋朝两代皇帝的功过得失,优点不能抹杀其曾经犯过的错误,过失亦不能掩盖辉煌,本书将呈现的,是一个立体、多元、真实的隋朝君臣。 |
| ● |
| 相关链接 |
|
|
|
|
正题名:一看就懂的大隋史
索取号:K241.09/13
 
预约/预借
| 序号 | 登录号 | 条形码 | 馆藏地/架位号 | 状态 | 备注 |
| 1 | 0966753 | 209667537 | 第二样本阅览室/ [索取号:K241.09/13] | 在馆 | |
| 2 | 0966754 | 209667546 | 第二借阅区/ [索取号:K241.09/13] | 在馆 | |
| 3 | 0966755 | 209667555 | 第二借阅区/ [索取号:K241.09/13] | 在馆 |